000 00578nam a22001457a 4500
020 _a978-0-7515-4204-2
082 _a823
_bROB/B
100 _aROBOTHAM,MICHAEL
245 _aBOMBPROOF
260 _aLONDON
_bSPHERE
300 _a383
520 _aFifty-four hours ago Sami was released from prison. Thirty-sex hours ago he slept with the woman of his dreams at the Savoy. An hour ago his train blew up. Now he's carrying a rucksack through London's West End and has turned himself into the most wanted terrorist in the country.
650 _aENGLISH NOVEL
_zLONDON
942 _cBK
999 _c3330
_d3330